[Event "3rd Sharjah Masters 2019"]
[Site "Sharjah"]
[Date "2019.03.26"]
[Round "5.5"]
[White "Kryvoruchko, Yuriy"]
[Black "Adly, Ahmed"]
[Result "1/2-1/2"]
[WhiteElo "2680"]
[BlackElo "2611"]
[Annotator "TA"]
[PlyCount "55"]
[EventDate "2019.03.22"]
[EventType "swiss"]
[EventCountry "UAE"]
[SourceTitle "playchess.com"]
[Source "ChessBase"]
[SourceQuality "1"]

{[%evp 17,55,23,21,26,33,19,29,14,29,33,56,56,45,39,39,35,55,25,34,42,41,45,52,17,50,24,69,57,62,82,71,63,99,64,51,8,41,26,49,30]} 1. e4 c5 2. Nf3 d6 3. d4 cxd4 4. Nxd4 Nf6 5. Nc3 a6 6. f3 e5 7. Nb3 Be6 8. Be3 h5 9. Qd2 Nbd7 10. Nd5 {B90: Sicilian Najdorf: Unusual White 6th moves, 6 Be3 Ng4 and 6 Be3 e5} Bxd5 11. exd5 g6 12. O-O-O {White has an edge.} Qc7 13. Kb1 Rc8 14. c4 b6 15. Be2 Bg7 {[#]} 16. Rhf1 $146 ({Predecessor:} 16. h4 Nc5 {1-0 (44) Kryvoruchko,Y (2597)-Aveskulov,V (2532) Cappelle-la-Grande 2008}) 16... O-O 17. h3 Nc5 18. g4 Rfe8 19. Rc1 Qd7 20. Bg5 Nh7 21. Bh6 Nf6 22. Nxc5 $1 bxc5 23. Bxg7 Kxg7 24. Bd3 Qd8 25. Rce1 h4 26. Rg1 Rb8 27. Re2 Re7 28. Qc3 {Accuracy: White = 58%, Black = 38%.} 1/2-1/2

[Event "3rd Sharjah Masters 2019"]
[Site "Sharjah"]
[Date "2019.03.26"]
[Round "5.6"]
[White "Chanda, Sandipan"]
[Black "Maghsoodloo, Parham"]
[Result "0-1"]
[WhiteElo "2534"]
[BlackElo "2673"]
[Annotator "TA"]
[PlyCount "100"]
[EventDate "2019.03.22"]
[EventType "swiss"]
[EventCountry "UAE"]
[SourceTitle "playchess.com"]
[Source "ChessBase"]
[SourceQuality "1"]

{[%evp 13,100,14,29,0,18,15,12,10,11,11,39,34,37,18,18,25,18,18,36,31,21,12,18,0,0,0,0,-20,-22,-7,-10,-10,-8,-29,-15,-24,-20,-78,-74,-102,-104,-98,-65,-62,-62,-113,-113,-104,-120,-173,-176,-193,-184,-180,-177,-179,-172,-180,-207,-443,-443,-443,-443,-443,-443,-443,-436,-434,-429,-416,-269,-717,-689,-1174,-1035,-2747,-2162,-4578,-2648,-5712,-7414,-29954,-29958,-12801,-12802,-5595,-6199,-4627,-4610]} 1. e4 c5 2. Nf3 Nc6 3. d4 cxd4 4. Nxd4 Nf6 5. Nc3 d6 6. Bg5 e6 7. Bb5 Bd7 8. Qd3 {B62: Sicilian: Richter-Rauzer: 6...e6: Unusual White 7th moves} h6 $146 ({Predecessor:} 8... Be7 9. O-O-O O-O 10. Bxc6 bxc6 11. Nb3 d5 12. e5 Ng4 13. Bxe7 Qxe7 14. Qd4 Nh6 15. f4 f6 {1-0 (36) Matlakov,M (2700)-Maghsoodloo,P (2688) St Petersburg 2018}) 9. Bh4 Be7 10. O-O-O {The position is equal.} O-O 11. Bxc6 Bxc6 12. f4 Rc8 13. Rhe1 a6 14. Nxc6 Rxc6 15. e5 Ne8 16. Bxe7 Qxe7 17. Kb1 b5 18. Ne4 {[%cal Re5d6,Bc3e4,Be4g3,Bg3e2,Be2d4][%mdl 32]} d5 19. Ng3 b4 20. Ne2 Nc7 21. Nd4 Rc4 22. f5 Nb5 23. Qg3 (23. f6 $5 gxf6 24. Nxb5 axb5 25. b3 $15) 23... Qg5 24. Qxg5 hxg5 25. Nf3 (25. Nxb5 $11 {remains equal.} axb5 26. g3) 25... g4 $1 $17 {[%cal Rg4f3]} 26. Ng5 exf5 27. Rxd5 Re8 $36 {[%mdl 2048] Threatens to win with ...f6. Black is more active.} 28. Red1 Rc7 $1 29. Rd8 ({Better is} 29. Kc1 $15) 29... Rce7 30. a4 bxa3 31. c4 (31. R1d7 $17) 31... Nc7 $19 32. R1d7 Rxd7 $1 ({Don't do} 32... Rxe5 33. Nxf7 Rxd8 34. Nxd8 $17) 33. Rxd7 Ne6 34. Nxe6 Rxe6 {[%mdl 4096] Endgame KR-KR} 35. c5 axb2 ({Much less strong is} 35... Rxe5 36. c6 $17) 36. Kxb2 $2 (36. Rd8+ Kh7 37. Rd2) 36... Rxe5 37. c6 Rc5 $1 38. c7 {[#] Hoping for Rd8+.} Kh7 $1 {[%cal Rh7g6]} 39. Rxf7 Kg6 40. Rd7 Kf6 41. g3 g5 42. Kb3 $2 {[#]} (42. Ka3 f4 43. Kb4) 42... a5 $1 43. Ka4 {White hopes to continue with Kb3.} f4 44. gxf4 gxf4 45. Rd6+ Ke5 46. Rd7 f3 47. Rg7 Kf4 48. Rf7+ Ke3 {Black is clearly winning.} 49. Re7+ Kf2 50. Rg7 Ke2 {Accuracy: White = 40%, Black = 89%.} 0-1

[Event "3rd Sharjah Masters 2019"]
[Site "Sharjah"]
[Date "2019.03.26"]
[Round "5.7"]
[White "Firouzja, Alireza"]
[Black "Idani, Pouya"]
[Result "1/2-1/2"]
[WhiteElo "2657"]
[BlackElo "2604"]
[Annotator "TA"]
[PlyCount "81"]
[EventDate "2019.03.22"]
[EventType "swiss"]
[EventCountry "UAE"]
[SourceTitle "playchess.com"]
[Source "ChessBase"]
[SourceQuality "1"]

{[%evp 16,81,8,14,31,23,19,15,18,-13,0,-8,0,0,41,27,25,21,20,13,12,15,26,25,39,21,10,0,4,0,0,-24,0,0,25,28,30,30,30,39,37,38,23,30,36,24,14,13,4,0,0,0,0,0,0,0,0,0,11,9,14,0,0,0,0,-14,-14,-27]} 1. e4 c5 2. Nf3 d6 3. d4 cxd4 4. Nxd4 Nf6 5. Nc3 a6 6. g3 e5 7. Nb3 Be7 8. Bg2 O-O 9. O-O Bg4 {B91: Sicilian Najdorf: 6 g3} (9... Be6 10. Re1 Nbd7 11. Nd2 b5 12. Nf1 Bg4 13. f3 Be6 14. Ne3 Rc8 15. a3 Nb6 16. f4 Re8 17. Kh1 Bf8 {0-1 (42) Naiditsch,A (2701)-Carlsen,M (2843) Karlsruhe/Baden-Baden 2018}) 10. Qd3 Nbd7 11. h3 Be6 12. Nd5 Bxd5 13. exd5 Rc8 14. Be3 e4 $146 ({Predecessor:} 14... h5 15. c3 h4 16. g4 {1-0 (50) Matsenko,S (2460)-Indjic,A (2451) Paracin 2012}) 15. Qe2 ({Avoid the trap} 15. Bxe4 $2 Ne5 $19) 15... Qc7 16. Rac1 Nxd5 17. Bxe4 Nxe3 18. Qxe3 Bf6 19. c3 Ne5 {[%cal Bd7e5,Be5c4,Bc4b2][%mdl 32]} 20. Nd4 Nc4 21. Qd3 Nxb2 22. Qf3 {[#] Threatens to win with Qf5.} d5 23. Bxd5 Nc4 {...Nd2 is the strong threat.} 24. Rfe1 Nd6 25. Nf5 b5 26. Nxd6 Qxd6 27. c4 b4 28. Rcd1 Qb6 29. Kg2 a5 30. Qb3 g6 31. Re4 {The position is equal.} Kg7 32. Qa4 Rc7 33. Rde1 Qc5 34. Rf4 Rd8 35. h4 h5 36. Qd1 Bc3 37. Re3 Rd6 38. Re8 Rf6 39. Rxf6 Bxf6 40. Qa4 Re7 41. Rxe7 {Accuracy: White = 63%, Black = 64%.} 1/2-1/2

[Event "3rd Sharjah Masters 2019"]
[Site "Sharjah"]
[Date "2019.03.26"]
[Round "5.8"]
[White "Sjugirov, Sanan"]
[Black "Nguyen, Anh Khoi"]
[Result "1/2-1/2"]
[WhiteElo "2667"]
[BlackElo "2484"]
[Annotator "TA"]
[PlyCount "38"]
[EventDate "2019.03.22"]
[EventType "swiss"]
[EventCountry "UAE"]
[SourceTitle "playchess.com"]
[Source "ChessBase"]
[SourceQuality "1"]

{[%evp 15,38,0,34,20,31,25,20,20,30,30,27,27,27,31,32,29,32,27,40,32,30,34,31,38,45]} 1. d4 Nf6 2. c4 e6 3. Nf3 b6 4. g3 Bb7 5. Bg2 Be7 6. O-O O-O 7. Nc3 Ne4 8. Bd2 Bf6 9. Re1 {E18: Queen's Indian: Old Main Line (4 g3 Bb7 5 Bg2 Be7 6 0-0 0-0 7 Nc3)} c5 10. d5 Bxc3 $146 ({Predecessor:} 10... exd5 11. cxd5 Nxd2 12. Nxd2 d6 13. Nde4 Re8 14. Nxf6+ Qxf6 15. e4 Nd7 16. f4 a6 {1-0 (45) Matlakov,M (2709)-Oparin,G (2607) Moscow 2018}) 11. Bxc3 {The position is equal.} d6 12. Qd3 Nxc3 13. Qxc3 exd5 14. cxd5 Bxd5 15. Qd3 $1 {[%cal Rd3d5]} Bc6 16. Rad1 d5 17. Ne5 Qf6 18. Nxc6 Nxc6 19. Qxd5 Nd4 1/2-1/2

[Event "3rd Sharjah Masters 2019"]
[Site "Sharjah"]
[Date "2019.03.26"]
[Round "5.9"]
[White "Aditya, Mittal"]
[Black "Pichot, Alan"]
[Result "1/2-1/2"]
[WhiteElo "2454"]
[BlackElo "2584"]
[Annotator "TA"]
[PlyCount "78"]
[EventDate "2019.03.22"]
[EventType "swiss"]
[EventCountry "UAE"]
[SourceTitle "playchess.com"]
[Source "ChessBase"]
[SourceQuality "1"]

{[%evp 34,78,-1,0,2,0,0,-35,-43,-41,-56,-52,-55,-76,-8,-4,0,0,0,0,0,0,0,0,0,0,0,0,0,0,0,0,0,0,0,0,0,0,0,0,0,0,0,0,0,0,0]} 1. d4 Nf6 2. c4 c5 3. d5 e6 4. Nc3 exd5 5. cxd5 d6 6. e4 g6 7. h3 Bg7 8. Nf3 {[%cal Bg1f3,Bf3d2,Bd2c4,Bc4e5][%mdl 32]} O-O 9. Bd3 b5 10. Bxb5 Nxe4 11. Nxe4 Qa5+ 12. Nfd2 Qxb5 13. Nxd6 Qa6 14. N2c4 Nd7 15. O-O Ne5 16. Nxe5 {A70: Modern Benoni: 6 e4 g6 7 Nf3} Qxd6 17. Nc4 (17. Nc6 Bb7 18. Qf3 Bxc6 19. dxc6 Rac8 20. Rb1 Qxc6 {½-½ (20) Peralta,F (2569)-Mareco,S (2649) Santiago de Compostela 2018}) 17... Qa6 18. Ne3 {LiveBook: 10 Games} Rb8 19. Qc2 Bd4 20. a4 $146 ({Predecessor:} 20. Rb1 f5 21. b3 f4 22. Ng4 h5 23. d6 Qxd6 24. Nh2 Bf5 25. Qc4+ Rf7 {0-1 (25) Kelley,D (2203)-Langer,M (2270) Las Vegas 2010}) 20... f5 {[%cal Bf7f5,Bf5f4][%mdl 1056] Black has compensation.} 21. Qd2 f4 22. Nc2 $1 {[%cal Rc2d4]} Bg7 23. Ne1 Rb3 (23... Qd6 $17 {aiming for ...Ba6.} 24. Nf3 Bb7) 24. Ra3 $1 $11 {[%cal Ra3b3] The position is equal.} Rxa3 25. bxa3 Qxa4 {White must now prevent ...Qc4.} 26. Nf3 Qb3 27. d6 {[#] Hoping for d7.} Bxh3 28. d7 Rd8 29. gxh3 Qxf3 30. Qa2+ Kf8 $1 31. Qe6 {[#] White wants to mate with Re1.} Bd4 32. Kh2 a6 33. Bd2 {Threatening Ba5.} Qb7 34. Bxf4 {Threatening mate with Bh6+.} Rxd7 35. Bh6+ Bg7 36. Re1 {[%csl Ge1][%cal Re6e8]} Qb8+ 37. Kg1 Qd8 38. Be3 Bd4 39. Bh6+ Bg7 {Precision: White = 85%, Black = 78%.} 1/2-1/2

[Event "3rd Sharjah Masters 2019"]
[Site "Sharjah"]
[Date "2019.03.26"]
[Round "5.10"]
[White "Nihal, Sarin"]
[Black "Tokhirjonova, Gulrukhbegim"]
[Result "1-0"]
[WhiteElo "2578"]
[BlackElo "2434"]
[Annotator "TA"]
[PlyCount "127"]
[EventDate "2019.03.22"]
[EventType "swiss"]
[EventCountry "UAE"]
[SourceTitle "playchess.com"]
[Source "ChessBase"]
[SourceQuality "1"]

{[%evp 20,127,42,29,54,47,40,44,127,106,117,113,129,115,133,89,248,245,210,43,118,75,118,130,110,114,126,129,129,121,157,134,140,110,110,118,146,146,146,146,134,108,143,139,146,139,187,158,158,169,202,205,248,247,246,178,202,186,168,168,264,264,243,196,195,188,237,176,169,120,134,129,121,0,123,106,117,118,105,106,127,133,152,150,152,141,143,137,122,119,160,159,390,390,413,413,405,365,776,719,29981,29982,29982,29979,29979,29980,29985,29986,29987,29988]} 1. e4 e5 2. Nf3 Nc6 3. Bb5 a6 4. Ba4 Nf6 5. O-O Be7 6. Re1 b5 7. Bb3 O-O 8. c3 {[%cal Bc2c3,Bc3c4][%mdl 32]} d6 9. h3 Nb8 10. d4 Nbd7 11. c4 {LiveBook: 273 Games} exd4 {C95: Closed Ruy Lopez: Breyer Variation with 10 d4} 12. Nxd4 Bb7 13. Nc3 c5 $146 (13... Nc5 $14) ({Predecessor:} 13... Nc5 14. Nf5 Re8 15. f3 Bf8 16. Bg5 h6 17. Bh4 g6 18. Ne3 c6 19. Bc2 Bg7 {1-0 (28) Palac,M (2562)-Vettel,M (2280) Germany 2011}) 14. Nf5 $16 Ne5 15. cxb5 axb5 16. Nxb5 Nxe4 17. f3 Bc6 $2 (17... c4 $16) 18. Rxe4 $18 Bxb5 19. Bf4 $2 (19. Bd5 $18 Bf6 20. Bxa8 Qxa8 21. Qxd6 (21. Nxd6 Bc6 $14)) 19... Qc7 (19... Bg5 $14) 20. Qd2 (20. Bxe5 {seems wilder.} dxe5 21. Nxe7+ Qxe7 22. Qd5 Rac8 23. Rxe5 Qf6 24. Rae1) 20... c4 21. Nxe7+ Qxe7 {[#]} 22. Bxc4 $1 {[%mdl 512]} Nxc4 (22... Bxc4 23. Bxe5) 23. Rxe7 Nxd2 24. Bxd2 d5 25. Rb7 Ba6 26. Rd7 Bc4 27. a3 Rfe8 28. Re1 Rxe1+ 29. Bxe1 $16 {[%mdl 4096] Endgame KRB-KRB} h5 30. Bc3 Bb3 31. Rb7 Bc4 32. h4 Rd8 33. Rb4 f6 34. a4 Rd7 35. a5 Kf7 36. b3 Bd3 37. Kf2 Rc7 {[#]} 38. Ke3 $1 {[%cal Re3d3]} Bf1 ({But not} 38... Rxc3 39. Kd4 $18) 39. Kd4 Ke7 (39... Kg6 $142 40. g3 Kf5) 40. Rb6 $18 Kd7 41. g3 Rc6 42. Rb8 g5 43. hxg5 fxg5 44. Rh8 Rf6 45. Ke3 Re6+ 46. Kd4 Rf6 47. Rh7+ Kc6 48. Ke3 Re6+ 49. Kd2 Re2+ 50. Kc1 Re3 {[#]} 51. Kb2 $1 Rxf3 52. Rxh5 Rxg3 53. Rh6+ Kb7 54. Bd4 {aiming for Rb6+.} Rg4 55. Kc3 Re4 $2 (55... Ba6 $16 56. Rb6+ Ka7) 56. b4 g4 {[#]} 57. b5 $1 {[%mdl 512]} Bxb5 58. Rb6+ Kc7 $2 (58... Ka8 59. Rxb5 Re6 60. Rxd5 Rg6) 59. Rxb5 Kc6 60. Rb6+ {White mates.} Kc7 61. Rg6 Re1 62. a6 {[%cal Ba5a6,Ba6a7][%mdl 32]} Ra1 63. a7 g3 64. Kb3 {Precision: White = 70%, Black = 33%.} 1-0

[Event "3rd Sharjah Masters 2019"]
[Site "Sharjah"]
[Date "2019.03.26"]
[Round "5.11"]
[White "Laxman, R.R."]
[Black "Yakubboev, Nodirbek"]
[Result "0-1"]
[WhiteElo "2425"]
[BlackElo "2569"]
[Annotator "TA"]
[PlyCount "102"]
[EventDate "2019.03.22"]
[EventType "swiss"]
[EventCountry "UAE"]
[SourceTitle "playchess.com"]
[Source "ChessBase"]
[SourceQuality "1"]

{[%evp 15,102,17,17,0,0,0,7,0,8,4,15,-11,-12,-12,-25,-12,-14,-14,-27,-18,-17,-14,-20,-54,-40,-39,-7,-17,-10,-7,-11,-18,0,-52,-35,-35,-24,-31,-31,-45,-24,-18,0,-48,-46,-45,-9,-223,-223,-243,-223,-362,-358,-353,-342,-343,-341,-535,-541,-578,-567,-560,-493,-548,-486,-496,-439,-375,0,-159,0,-551,0,-551,-535,-694,-615,-688,-572,-681,-681,-612,-377,-610,-604,-706,-706,-29992,-506]} 1. d4 Nf6 2. Nf3 e6 3. c4 d5 4. g3 Bb4+ 5. Bd2 Be7 6. Bg2 O-O 7. O-O Nbd7 8. Qc2 c6 9. a4 {E11: Bogo-Indian} (9. Bf4 b6 10. Rd1 Ba6 11. cxd5 cxd5 12. Ne5 Nxe5 13. dxe5 Ng4 14. Bf3 f5 15. exf6 Nxf6 16. Qa4 Bb7 17. Nd2 Qe8 18. Qxe8 Rfxe8 {½-½ (29) Giri,A (2783)-Ding,L (2813) Wijk aan Zee 2019}) 9... a5 10. b3 b6 11. Bc3 {The position is equal.} Ne4 $146 ({Predecessor:} 11... Bb7 12. Nfd2 c5 13. Qb2 cxd4 14. Bxd4 Qb8 15. cxd5 e5 16. d6 Bxd6 17. Bxb7 Qxb7 {½-½ (25) Sebenik,M (2434)-Saric,A (2501) Nova Gorica 2007}) 12. Bb2 Bb7 13. Nbd2 f5 14. Rad1 Bb4 15. Nxe4 fxe4 16. Ne5 Nxe5 17. dxe5 Qe7 18. f3 exf3 19. exf3 dxc4 20. bxc4 b5 21. cxb5 cxb5 22. axb5 a4 23. f4 Rfc8 24. Bc6 (24. Qe2 $11) 24... Bxc6 $15 25. bxc6 Bc5+ 26. Bd4 $1 Rxc6 {[#] Hoping for ...Bxd4+.} 27. Bxc5 Rxc5 28. Qe4 Rcc8 29. Rd6 a3 {[%cal Ba4a3,Ba3a2][%mdl 32] ...a2 is the strong threat.} 30. Kg2 Qc7 {[#] Strongly threatening ...Qc2+.} 31. Kh3 $2 (31. Rd2 $1 $11 {and White stays safe.}) 31... a2 $19 32. Ra1 Qc3 33. Qd4 (33. Rdd1 {was the only chance.} Qb2 34. Qf3) 33... Qxd4 34. Rxd4 {[%mdl 4096] Endgame KRR-KRR} Rc2 35. Rb4 h6 36. Rb3 (36. Kg4 {might work better.}) 36... Ra4 37. Rb7 Kh7 38. Rb6 Rd2 39. Rb7 Kg6 40. Rb6 Kf5 41. Rb7 Kg6 (41... g5 $19 {and Black stays clearly on top. ( -> ...g4+)} 42. Rf7+ Ke4 43. Re1+ Kd3 44. Rd7+ Kc3 45. Rc7+ Kb3 46. Rb7+ Rb4 47. Re3+ Kc2) 42. Rb6 $1 $17 Kh7 $2 (42... Ra7 $17 43. Rxe6+ Kf5) 43. Rb7 $1 $19 Rc2 44. Rb6 h5 45. Kh4 Rxh2+ 46. Kg5 Ra3 {[%cal Ra3g3]} 47. g4 Rg3 {[%csl Gh5][%cal Rg3g4]} 48. Rxe6 Rxg4+ 49. Kf5 Rf2 {[%csl Gg4][%cal Rf2f4]} 50. Rd6 {White hopes to continue with Rd4.} Rgxf4+ 51. Kg5 Rf5+ {Accuracy: White = 47%, Black = 57%.} (51... R4f3 $142 52. Kxh5 Rg2 53. Rh6+ gxh6 54. Kh4 Kg6 55. Rf1 Rxf1 56. Kh3 Rg5 57. Kh2 a1=Q 58. Kh3 Rh1#) 0-1

[Event "3rd Sharjah Masters 2019"]
[Site "Sharjah"]
[Date "2019.03.26"]
[Round "5.12"]
[White "Abdusattorov, Nodirbek"]
[Black "Raja Rithvik R"]
[Result "1-0"]
[WhiteElo "2560"]
[BlackElo "2423"]
[Annotator "ChessBase"]
[PlyCount "113"]
[EventDate "2019.03.22"]
[EventType "swiss"]
[EventCountry "UAE"]
[SourceTitle "playchess.com"]
[Source "ChessBase"]
[SourceQuality "1"]
[TimeControl "5400+30"]

1. e4 {[%emt 0:00:00]} e5 {[%emt 0:00:00]} 2. Nf3 {[%emt 0:00:00]} Nc6 {[%emt 0:00:00]} 3. Bb5 {[%emt 0:00:00]} a6 {[%emt 0:00:00]} 4. Ba4 {[%emt 0:00:00]} Nf6 {[%emt 0:00:00]} 5. d3 {[%emt 0:00:03]} b5 {[%emt 0:00:28]} 6. Bb3 {[%emt 0:00:07]} Bc5 {[%emt 0:00:06]} 7. Nc3 {[%emt 0:00:19]} d6 {[%emt 0:00:23]} 8. Nd5 {[%emt 0:00:00]} h6 {[%emt 0:00:17]} 9. c3 {[%emt 0:00:29]} Rb8 {[%emt 0:00:23]} 10. O-O {[%emt 0:00:54]} O-O {[%emt 0:00:09]} 11. Be3 {[%emt 0:01:13]} Bxe3 {[%emt 0:02:39]} 12. Nxf6+ {[%emt 0:00:46]} Qxf6 {[%emt 0:00:07]} 13. fxe3 {[%emt 0:00:04]} Qe7 {[%emt 0:01:15]} 14. Qe1 {[%emt 0:04:30]} Be6 {[%emt 0:15:44]} 15. Nh4 {[%emt 0:05:18]} Qd7 {[%emt 0:18:39]} 16. Qg3 {[%emt 0:04:45]} Ne7 {[%emt 0:04:27]} 17. d4 {[%emt 0:00:59]} f6 {[%emt 0:16:22]} 18. Qg4 {[%emt 0:06:02]} d5 {[%emt 0:00:55]} 19. Nf5 {[%emt 0:01:02]} Bxf5 {[%emt 0:09:26]} 20. exf5 {[%emt 0:00:08]} Kh8 {[%emt 0:01:06]} 21. dxe5 {[%emt 0:01:52]} fxe5 {[%emt 0:00:08]} 22. Rad1 {[%emt 0:01:35]} Rxf5 {[%emt 0:04:19]} 23. Rxf5 {[%emt 0:04:50]} Qxf5 {[%emt 0:00:05]} 24. Qxf5 {[%emt 0:00:05]} Nxf5 {[%emt 0:00:02]} 25. Rxd5 {[%emt 0:00:09]} Nxe3 {[%emt 0:04:19]} 26. Rxe5 {[%emt 0:00:16]} Ng4 {[%emt 0:04:51]} 27. Re7 {[%emt 0:04:14]} c5 {[%emt 0:03:08]} 28. h3 {[%emt 0:01:24]} Nf6 {[%emt 0:00:06]} 29. Ra7 {[%emt 0:01:29]} c4 {[%emt 0:06:23]} 30. Bc2 {[%emt 0:00:25]} Nd5 {[%emt 0:01:05]} 31. Be4 {[%emt 0:03:09]} Nb6 {[%emt 0:01:00]} 32. Rxa6 {[%emt 0:07:00]} Na4 {[%emt 0:00:10]} 33. Ra8 {[%emt 0:01:01]} Rxa8 {[%emt 0:00:12]} 34. Bxa8 {[%emt 0:00:10]} Nxb2 {[%emt 0:02:12]} 35. Bc6 {[%emt 0:00:14]} Kg8 {[%emt 0:01:48]} 36. Bxb5 {[%emt 0:01:06]} Kf8 {[%emt 0:00:49]} 37. Kf2 {[%emt 0:01:19]} Nd1+ {[%emt 0:00:32]} 38. Kf3 {[%emt 0:00:06]} Nxc3 {[%emt 0:00:08]} 39. Bxc4 {[%emt 0:00:06]} Ke7 {[%emt 0:00:23]} 40. Kf4 {[%emt 0:01:27]} Kf6 {[%emt 0:00:29]} 41. Bb3 {[%emt 0:01:46]} g5+ {[%emt 0:00:48]} 42. Kg4 {[%emt 0:01:07]} Ne4 {[%emt 0:01:18]} 43. a4 {[%emt 0:00:49]} Nd6 {[%emt 0:02:39]} 44. a5 {[%emt 0:00:12]} Nb5 {[%emt 0:00:18]} 45. a6 {[%emt 0:00:20]} Na7 {[%emt 0:00:17]} 46. Ba4 {[%emt 0:00:25]} Nc8 {[%emt 0:00:13]} 47. Bd7 {[%emt 0:00:20]} Na7 {[%emt 0:00:04]} 48. Kh5 {[%emt 0:00:17]} Kg7 {[%emt 0:00:04]} 49. g3 {[%emt 0:00:11]} Kh7 {[%emt 0:00:14]} 50. Kg4 {[%emt 0:00:06]} Kg6 {[%emt 0:00:06]} 51. Kf3 {[%emt 0:00:05]} Kf6 {[%emt 0:00:36]} 52. Ke4 {[%emt 0:00:05]} Ke7 {[%emt 0:00:10]} 53. Bg4 {[%emt 0:00:18]} Nb5 {[%emt 0:01:35]} 54. Kf5 {[%emt 0:00:22]} Kf7 {[%emt 0:00:12]} 55. Be2 {[%emt 0:00:42]} Na7 {[%emt 0:00:15]} 56. Bc4+ {[%emt 0:00:09]} Kg7 {[%emt 0:00:04]} 57. Ke4 1-0

[Event "3rd Sharjah Masters 2019"]
[Site "Sharjah"]
[Date "2019.03.26"]
[Round "5.13"]
[White "Akash G"]
[Black "Fier, Alexandr"]
[Result "0-1"]
[WhiteElo "2411"]
[BlackElo "2551"]
[Annotator "ChessBase"]
[PlyCount "92"]
[EventDate "2019.03.22"]
[EventType "swiss"]
[EventCountry "UAE"]
[SourceTitle "playchess.com"]
[Source "ChessBase"]
[SourceQuality "1"]
[TimeControl "5400+30"]

1. e4 {[%emt 0:00:00]} c5 {[%emt 0:00:00]} 2. Nf3 {[%emt 0:00:00]} e6 {[%emt 0:00:00]} 3. d4 {[%emt 0:00:00]} cxd4 {[%emt 0:00:00]} 4. Nxd4 {[%emt 0:00:06]} Nc6 {[%emt 0:00:00]} 5. Nc3 {[%emt 0:00:15]} d6 {[%emt 0:00:00]} 6. Be2 {[%emt 0:00:31]} Nf6 {[%emt 0:00:00]} 7. O-O {[%emt 0:00:08]} Be7 {[%emt 0:00:00]} 8. Be3 {[%emt 0:00:23]} O-O {[%emt 0:00:00]} 9. f4 {[%emt 0:00:11]} Bd7 {[%emt 0:00:03]} 10. Nb3 {[%emt 0:00:58]} a6 {[%emt 0:00:05]} 11. a4 {[%emt 0:00:24]} b6 {[%emt 0:00:04]} 12. Bf3 {[%emt 0:02:13]} Rb8 {[%emt 0:00:05]} 13. g4 {[%emt 0:03:28]} h6 {[%emt 0:02:15]} 14. Qe2 {[%emt 0:09:32]} b5 {[%emt 0:00:12]} 15. axb5 {[%emt 0:08:37]} axb5 {[%emt 0:00:06]} 16. Nxb5 {[%emt 0:02:31]} d5 {[%emt 0:01:15]} 17. exd5 {[%emt 0:18:25]} Nxd5 {[%emt 0:01:50]} 18. Bxd5 {[%emt 0:07:41]} exd5 {[%emt 0:00:03]} 19. N5d4 {[%emt 0:01:00]} Nxd4 {[%emt 0:00:06]} 20. Bxd4 {[%emt 0:03:04]} Bb5 {[%emt 0:00:58]} 21. Qd2 {[%emt 0:03:19]} Bxf1 {[%emt 0:01:50]} 22. Rxf1 {[%emt 0:00:08]} Bf6 {[%emt 0:00:09]} 23. Qc3 {[%emt 0:04:58]} Bxd4+ {[%emt 0:00:55]} 24. Nxd4 {[%emt 0:00:24]} Re8 {[%emt 0:00:27]} 25. Kg2 {[%emt 0:06:25]} Qb6 {[%emt 0:03:31]} 26. b3 {[%emt 0:02:16]} Rbc8 {[%emt 0:11:25]} 27. Qd3 {[%emt 0:03:42]} g6 {[%emt 0:00:36]} 28. Rf2 {[%emt 0:02:24]} Re4 {[%emt 0:00:13]} 29. Ne2 {[%emt 0:03:16]} Qc5 {[%emt 0:03:37]} 30. c4 {[%emt 0:02:44]} Rd8 {[%emt 0:07:15]} 31. cxd5 {[%emt 0:01:54]} Rb4 {[%emt 0:00:03]} 32. Ng3 {[%emt 0:01:50]} Qxd5+ {[%emt 0:00:51]} 33. Qxd5 {[%emt 0:00:09]} Rxd5 {[%emt 0:00:01]} 34. h4 {[%emt 0:01:58]} Rdd4 {[%emt 0:00:27]} 35. Ne2 {[%emt 0:01:10]} Rd2 {[%emt 0:00:04]} 36. g5 {[%emt 0:00:33]} h5 {[%emt 0:00:19]} 37. Kf1 {[%emt 0:03:45]} Rxb3 {[%emt 0:00:26]} 38. f5 {[%emt 0:00:21]} Rb1+ {[%emt 0:00:07]} 39. Kg2 {[%emt 0:00:11]} Rbb2 {[%emt 0:00:02]} 40. Kf3 {[%emt 0:00:20]} gxf5 {[%emt 0:00:04]} 41. Rg2 {[%emt 0:00:37]} Rd3+ {[%emt 0:00:31]} 42. Kf4 {[%emt 0:00:25]} Rb4+ {[%emt 0:00:11]} 43. Ke5 {[%emt 0:00:40]} Re3+ {[%emt 0:00:42]} 44. Kxf5 {[%emt 0:00:22]} Rb2 {[%emt 0:00:14]} 45. Nf4 {[%emt 0:01:05]} Rb5+ {[%emt 0:00:04]} 46. Kf6 {[%emt 0:00:07]} Rf3 {[%emt 0:00:03]} 0-1

[Event "3rd Sharjah Masters 2019"]
[Site "Sharjah"]
[Date "2019.03.26"]
[Round "5.14"]
[White "Zaibi, Amir"]
[Black "Deepan, Chakkravarthy J."]
[Result "0-1"]
[WhiteElo "2386"]
[BlackElo "2534"]
[Annotator "TA"]
[PlyCount "68"]
[EventDate "2019.03.22"]
[EventType "swiss"]
[EventCountry "UAE"]
[SourceTitle "playchess.com"]
[Source "ChessBase"]
[SourceQuality "1"]

{[%evp 9,68,14,20,27,60,22,16,14,32,33,21,14,16,0,-7,-77,-87,-115,-81,-81,-84,-95,-40,-167,-172,-450,-443,-415,-426,-447,-436,-433,-437,-422,-414,-468,-445,-466,-467,-595,-587,-564,-581,-581,-555,-781,-763,-741,-761,-830,-816,-1170,-1170,-1291,-1187,-1115,-977,-966,-963,-1165,-1120]} 1. c4 Nf6 2. Nc3 g6 3. g3 Bg7 4. Bg2 O-O 5. d4 c5 (5... d6 6. Nf3 c6 7. O-O Bf5 8. Ne1 d5 9. Nc2 Qd7 10. Ne3 Be6 11. b3 Bh3 12. Bxh3 Qxh3 13. Ba3 Qd7 14. Qd3 Rd8 15. Rad1 Na6 16. Nc2 {1-0 (64) Bu,X (2731)-Aravindh,C (2599) Astana 2019}) 6. dxc5 {E61: King's Indian: Early deviations for White, including Smyslov System} Na6 7. Nh3 Nxc5 8. O-O {The position is equal.} d6 9. Nf4 Rb8 10. Qc2 a6 11. Rd1 b5 $146 ({Predecessor:} 11... Bf5 12. e4 {1-0 (74) Jahn,P-Neumann,F Germany 1994}) 12. e4 (12. cxb5 $11 axb5 13. Nfd5) 12... bxc4 $17 13. Qe2 Ng4 14. Qxc4 a5 15. Qe2 Ne5 (15... Qd7 $17) 16. a4 (16. Be3 $1 $15 Ba6 17. Qc2) 16... Ba6 $36 {[%mdl 2048] Black has strong initiative.} 17. Nb5 $2 {[#]} (17. Qc2 {keeps fighting.}) 17... Nxa4 $1 $19 {[%mdl 512]} 18. Rxa4 Bxb5 19. Qc2 Bxa4 20. Qxa4 e6 21. Bd2 Rxb2 22. Bc3 {[#]} Nf3+ $1 {[%mdl 64] Discovered Attack. Black is clearly winning.} 23. Bxf3 Bxc3 24. e5 Qb6 25. Nd3 Rb1 26. exd6 Rxd1+ 27. Qxd1 Qxd6 28. Qc2 Bg7 29. Kg2 {[#]} a4 $1 {[%cal Ba5a4,Ba4a3][%mdl 32]} 30. Nf4 (30. Qxa4 Qxd3) 30... a3 31. Qa4 Rb8 32. h4 Qb4 33. Qa6 Qb3 34. Be2 Qb7+ {Accuracy: White = 35%, Black = 84%.} 0-1